Military operations, (Record no. 552546)

000 -LEADER
fixed length control field 00851cam a22001691 4500
082 ## - DEWEY DECIMAL CLASSIFICATION NUMBER
Classification number 940.4
Author Mark MIL
100 1# - MAIN ENTRY--PERSONAL NAME
Personal name Aspinall-Oglander, C. F.
9 (RLIN) 49641
245 10 - TITLE STATEMENT
Title Military operations,
Remainder of title Gallipoli,
Statement of responsibility, etc. compiled by Br.-General C. F. Aspinall-Oglander ... maps and sketches compiled by Major A. F. Becke.
260 ## - PUBLICATION, DISTRIBUTION, ETC.
Place of publication, distribution, etc. London,
Name of publisher, distributor, etc. W. Heinemann ltd.,
Date of publication, distribution, etc. 1929-32
300 ## - PHYSICAL DESCRIPTION
Extent 2 v. in 4
Other physical details front., plates, maps (part. fold.) diagrs. (1 fold.)
Dimensions 23 cm.
490 0# - SERIES STATEMENT
Series statement History of the great war based on official documents, by direction of the Historical section, Committee of imperial defence
500 ## - GENERAL NOTE
General note Folded diagram and part of the folded maps are in pocket.
500 ## - GENERAL NOTE
General note On cover: Official history of the war.
526 ## - STUDY PROGRAM INFORMATION NOTE
Program name 0
Interest level 0
Reading level 0
Title point value 940_400000000000000_MIL
650 #0 - SUBJECT ADDED ENTRY--TOPICAL TERM
Topical term or geographic name entry element World War, 1914-1918
General subdivision Campaigns
Geographic subdivision Turkey
-- Gallipoli Peninsula.
9 (RLIN) 49290
942 ## - ADDED ENTRY ELEMENTS (KOHA)
Source of classification or shelving scheme
Koha item type Book
Holdings
Withdrawn status Lost status Source of classification or shelving scheme Damaged status Not for loan Permanent Location Current Location Shelving location Date acquired Total Checkouts Full call number Barcode Date last seen Price effective from Koha item type
          Military College of Engineering (MCE) Military College of Engineering (MCE)   01/19/2015   940.4 MIL MCE-ECM/99.2 01/19/2015 01/19/2015 Book
© 2023 Central Library, National University of Sciences and Technology. All Rights Reserved.